| 000 | 00420cam a2200157ua 4500 | ||
|---|---|---|---|
| 041 |
_aeng _h |
||
| 082 |
_a637.1 _bYEG/MI |
||
| 100 | _aYegna Narayan Aiyer, A K . | ||
| 245 |
_aMilk and milk products / _cA K Yegna Narayan Aiyer. _hTextual Documents |
||
| 250 |
_a1 / _b. |
||
| 260 |
_aBangalore : _bBangalore printing&publishing Ltd , _c1952. |
||
| 300 | _a102 ; . | ||
| 504 | _a | ||
| 942 | _cBK | ||
| 999 |
_c8693 _d8693 |
||